Interactive market indicators (Record no. 119308)
[ view plain ]
| 000 -LEADER | |
|---|---|
| fixed length control field | 01103cas a22002295 4500 |
| 001 - CONTROL NUMBER | |
| control field | L152462 |
| 008 - FIXED-LENGTH DATA ELEMENTS--GENERAL INFORMATION | |
| fixed length control field | 110309c2011 xxuqr ws s 0 a0eng u |
| 035 ## - SYSTEM CONTROL NUMBER | |
| System control number | (Sirsi) u152462 |
| 041 0# - LANGUAGE CODE | |
| Language code of text/sound track or separate title | eng |
| 050 ## - LIBRARY OF CONGRESS CALL NUMBER | |
| Classification number | 333.33 $2 18 |
| 110 2# - MAIN ENTRY--CORPORATE NAME | |
| Corporate name or jurisdiction name as entry element | Jones Lang LaSalle |
| 9 (RLIN) | 3755 |
| 245 00 - TITLE STATEMENT | |
| Title | Interactive market indicators |
| Remainder of title | office and industrial |
| Medium | [electronic resource] |
| 260 ## - PUBLICATION, DISTRIBUTION, ETC. | |
| Place of publication, distribution, etc. | [S.l.] |
| Name of publisher, distributor, etc. | Jones Lang LaSalle |
| Date of publication, distribution, etc. | 2011 |
| 362 0# - DATES OF PUBLICATION AND/OR SEQUENTIAL DESIGNATION | |
| Dates of publication and/or sequential designation | Current quarterly map only |
| 490 #0 - SERIES STATEMENT | |
| Series statement | Interactive Market Indicators Office and Industrial |
| Volume/sequential designation | Q4 2010- |
| 520 ## - SUMMARY, ETC. | |
| Summary, etc. | Presents statistics on office average rents, direct and total vacancies as well as industrial net absorption, net absorption YTD, net YTD (%), under construction and new compilations. Interactive map provides local quarter overview for each city on the map. |
| 554 ## - | |
| -- | Four per year |
| 651 #4 - SUBJECT ADDED ENTRY--GEOGRAPHIC NAME | |
| Geographic name | United States |
| Chronological subdivision | 1959- |
| 690 ## - LOCAL SUBJECT ADDED ENTRY--TOPICAL TERM (OCLC, RLIN) | |
| Topical term or geographic name as entry element | PROPERTY-COMMERCIAL PROPERTY-COMMERCIAL PROPERTY MARKET |
| 856 40 - ELECTRONIC LOCATION AND ACCESS | |
| Uniform Resource Identifier | <a href="https://www.us.am.joneslanglasalle.com/UnitedStates/EN-US/Pages/Research.aspx">https://www.us.am.joneslanglasalle.com/UnitedStates/EN-US/Pages/Research.aspx</a> |
| Public note | View the map free of charge at www.us.am.joneslanglasalle.com |
| 942 ## - ADDED ENTRY ELEMENTS (KOHA) | |
| Suppress in OPAC | 0 |
| Withdrawn status | Lost status | Source of classification or shelving scheme | Damaged status | Not for loan | Home library | Current library | Shelving location | Date acquired | Total Checkouts | Full call number | Barcode | Date last seen | Copy number | Price effective from | Koha item type |
|---|---|---|---|---|---|---|---|---|---|---|---|---|---|---|---|
| Dewey Decimal Classification | Virtual | Virtual | Online | 09/03/2011 | ONLINE PUBLICATION | 152462-2001 | 06/08/2019 | 1 | 06/08/2019 | Book |